শতবর্ষী গ্রন্থাগার পরিচিতি / (Record no. 13455)
[ view plain ]
| 000 -LEADER | |
|---|---|
| fixed length control field | 00844nam a2200241 a 4500 |
| 001 - CONTROL NUMBER | |
| JCCL Control Number | 13455 |
| 003 - CONTROL NUMBER IDENTIFIER | |
| JCCL marc code | BD-JhCC |
| 005 - DATE AND TIME OF LATEST TRANSACTION | |
| control field | 20231002134133.0 |
| 008 - FIXED-LENGTH DATA ELEMENTS--GENERAL INFORMATION | |
| fixed length control field | 190617s2022 bg |||| ||a| 000 0 ben d |
| 020 ## - INTERNATIONAL STANDARD BOOK NUMBER | |
| International Standard Book Number | 9789849641346 |
| 035 ## - SYSTEM CONTROL NUMBER | |
| system control number | (BD-JhCC)13455 |
| 040 ## - CATALOGING SOURCE | |
| Original cataloging agency | BD-JhCC |
| Modifying agency | BD-JhCC |
| 041 ## - LANGUAGE CODE | |
| Language code of Book | bengali |
| 082 ## - DEWEY DECIMAL CLASSIFICATION NUMBER | |
| Classification number | 020 |
| Author mark and Year | KHA 2022 |
| 100 ## - MAIN ENTRY--PERSONAL NAME | |
| Personal name | খাতুন, হাফিজা |
| 245 ## - TITLE STATEMENT | |
| Title | শতবর্ষী গ্রন্থাগার পরিচিতি / |
| Statement of responsibility, etc | হাফিজা খাতুন,আশরাফুল আলম ছিদ্দিক। |
| 260 ## - PUBLICATION, DISTRIBUTION, ETC. (IMPRINT) | |
| Place of publication, distribution, etc | ঢাকা: |
| Name of publisher, distributor, etc | টাঙ্গন; |
| Date of publication, distribution, etc | ২০২২. |
| 300 ## - PHYSICAL DESCRIPTION | |
| Pagination | ১২০ পৃ. : |
| Dimensions | ২০ সেমি. |
| 650 ## - SUBJECT ADDED ENTRY--TOPICAL TERM | |
| Topical term or geographic name as entry element | Library Science |
| 650 ## - SUBJECT ADDED ENTRY--TOPICAL TERM | |
| Topical term or geographic name as entry element | Libraries |
| 700 ## - ADDED ENTRY--PERSONAL NAME | |
| Personal name | ছিদ্দিক,আশরাফুল আলম |
| 942 ## - ADDED ENTRY ELEMENTS (KOHA) | |
| Source of classification or shelving scheme | Dewey Decimal Classification |
| Koha item type | Books |
| Koha issues (borrowed), all copies | 2 |
| Source of classification or shelving scheme | Damaged status | Not for loan | Home library | Current library | Shelving location | Date of accession | Cost, normal purchase price | Total Checkouts | Full call number | Barcode | Date last seen | Copy number | Method of acquisition | Koha item type | Currency |
|---|---|---|---|---|---|---|---|---|---|---|---|---|---|---|---|
| Dewey Decimal Classification | JCC Rouf Library | JCC Rouf Library | General Stacks | 10/02/2023 | 216.00 | 020 KHA 2022 | 17639 | 10/02/2023 | C-1 | Purchase | Books | BDT |